000
00267nam a2200109Ia 4500
008
220204s9999 xx 000 0 und d
082
_a
5(038)
_b
JAG
100
_a
Jagjiwan Singh
245
0
_a
Fundamental science dictionary
260
_a
Ranchi
_b
Good Book
942
_c
BK
999
_c
21206
_d
21206